Catálogo

The region is what we say it is : (Registro nro. 30514)

Detalles MARC
000 -LEADER
fixed length control field 01164cam a2200289 i 4500
001 - CONTROL NUMBER
control field 30514
003 - CONTROL NUMBER IDENTIFIER
control field Mx-PuUPA
005 - DATE AND TIME OF LATEST TRANSACTION
control field 20240703160105.0
008 - FIXED-LENGTH DATA ELEMENTS--GENERAL INFORMATION
fixed length control field 140415s mx gr 001 0 eng d
020 ## - INTERNATIONAL STANDARD BOOK NUMBER
International Standard Book Number 9786079777234
040 ## - CATALOGING SOURCE
Original cataloging agency Mx-PuUPA
Language of cataloging spa
Transcribing agency Mx-PuUPA
Modifying agency Mx-PuUPA
Description conventions rda
041 0# - LANGUAGE CODE
Language code of text/sound track or separate title eng
100 1# - MAIN ENTRY--PERSONAL NAME
Personal name Castro Alegría, Rafael Fernando,
9 (RLIN) 10204
Relator term autor
245 14 - TITLE STATEMENT
Title The region is what we say it is :
Remainder of title the speeches of Lula Da Silva and Hugo Chávez in the constrution of Latin American integration /
Statement of responsibility, etc. Rafael Fernando Castro Alegría
264 #1 - PRODUCTION, PUBLICATION, DISTRIBUTION, MANUFACTURE, AND COPYRIGHT NOTICE
Place of production, publication, distribution, manufacture Ciudad de México :
Name of producer, publisher, distributor, manufacturer Fundación Konrad Adenauer,
Date of production, publication, distribution, manufacture, or copyright notice [Año de publicación no identificado]
300 ## - PHYSICAL DESCRIPTION
Extent 77 páginas ;
Dimensions 24 cm
336 ## - CONTENT TYPE
Content type term texto
Fuente rdacontent
Content type code txt
337 ## - MEDIA TYPE
Media type term sin medio
Source rdamedia
Media type code n
338 ## - CARRIER TYPE
Carrier type term volumen
Source rdacarrier
Carrier type code nc
490 0# - SERIES STATEMENT
Series statement Young perspectives ;
Volume/sequential designation 3
600 14 - SUBJECT ADDED ENTRY--PERSONAL NAME
Personal name Cávez Frías, Hugo,
Dates associated with a name 1954 - 2013
General subdivision Influencias
651 #4 - SUBJECT ADDED ENTRY--GEOGRAPHIC NAME
Geographic name América Latina
General subdivision Integración económica
942 ## - ADDED ENTRY ELEMENTS (KOHA)
Source of classification or shelving scheme Dewey Decimal Classification
Koha item type Libro
Classification part 337.8
Item part C26
Existencias
Withdrawn status Lost status Source of classification or shelving scheme Damaged status Not for loan Collection code Home library Current library Shelving location Date acquired Source of acquisition Total Checkouts Full call number Barcode Date last seen Price effective from Koha item type
    Dewey Decimal Classification     General Biblioteca Karol Wojtyla Biblioteca Karol Wojtyla Sala general 03/12/2013 Compra   337.8 C26 49910 05/01/2026 03/12/2013 Libro